Statystyki dla Mega Quiz geograficzny (Państwa Ameryki Północnej)

Kliknij tutaj aby rozwiązać quiz!

Ogólne statystyki

  • Ten quiz został rozwiązany 26 razy
  • Średni wynik to 16 z 23

Statystyki odpowiedzi

Ameryka
Północna
Państwo% Poprawnych
12Kanada
100%
22Stany Zjednoczone
100%
15Meksyk
95%
5Dominika
91%
6Dominikana
91%
14Kuba
82%
3Barbados
77%
4Belize
77%
9Haiti
77%
10Honduras
77%
13Kostaryka
77%
17Panama
77%
2Bahamy
68%
1Antigua i Barbuda
64%
23Trynidad i Tobago
64%
11Jamajka
59%
16Nikaragua
59%
20Saint Vincent i Grenadyny
55%
21Salwador
55%
8Gwatemala
50%
18Saint Kitts i Nevis
50%
19Saint Lucia
50%
7Grenada
45%

Rozkład punktacji

Percentyl według liczby udzielonych odpowiedzi

Procent ludzi z każdym wynikiem

Twoja historia wyników

Nie rozwiązałeś tego quizu